| Tag |
First Indicator |
Second Indicator |
Subfields |
| LEADER |
00000cam a2200000 4500 |
| 001 |
in00001855821 |
| 006 |
m | d | |
| 007 |
cr |n||||||||n |
| 008 |
791208s1759 enk|||| s 00||||eng d |
| 005 |
20260407221007.2 |
| 035 |
|
|
|a (CStRLIN)ESTCT84018
|
| 040 |
|
|
|a Uk-ES
|c Uk-ES
|d Cu-RivES
|d CStRLIN
|d Thomson Gale
|d UtOrBLW
|
| 100 |
1 |
|
|a Dilworth, W. H.
|
| 245 |
1 |
4 |
|a The life of Alexander Pope, Esq :
|b with a view of his writings. And many curious anecdotes of his noble patrons. As well as of his cotemporary wits, friends, and foes. By W.H. Dilworth.
|
| 264 |
|
3 |
|a London :
|b printed for G. Wright,
|c 1759.
|
| 300 |
|
|
|a 4 unnumbered pages, 151, 3 unnumbered pages ;
|c 12⁰.
|
| 336 |
|
|
|a text
|b txt
|2 rdacontent
|
| 337 |
|
|
|a computer
|b c
|2 rdamedia
|
| 338 |
|
|
|a online resource
|b cr
|2 rdacarrier
|
| 500 |
|
|
|a With a half-title and a final leaf of advertisement.
|
| 500 |
|
|
|a Reproduction of original from the British Library.
|
| 510 |
4 |
|
|a English Short Title Catalog,
|c ESTCT84018.
|
| 533 |
|
|
|a Electronic reproduction.
|b Farmington Hills, Mich. :
|c Thomson Gale,
|d 2003.
|n Available via the World Wide Web.
|n Access limited by licensing agreements
|7 s2003 miunns
|
| 500 |
|
|
|a Electronic resource.
|
| 830 |
|
0 |
|a Eighteenth century collections online.
|
| 856 |
4 |
0 |
|u http://proxy.library.tamu.edu/login?url=https://galenet.galegroup.com/servlet/ECCO?c=1&stp=Author&ste=11&af=BN&ae=T084018&tiPG=1&dd=0&dc=flc&docNum=CW100345716&vrsn=1.0&srchtp=a&d4=0.33&n=10&SU=0LRH&locID=txshracd2898
|z Full text online
|t 0
|
| 999 |
|
|
|a MARS
|
| 999 |
f |
f |
|s 01ad7d5d-b55b-331e-b0cf-ab325551164e
|i 6281a5b3-9ea1-3376-b0a0-216cb4f4203f
|t 0
|
| 952 |
f |
f |
|a Texas A&M University
|b College Station
|c Electronic Resources
|s www_evans
|d Available Online
|t 0
|h No information provided
|
| 998 |
f |
f |
|t 0
|l Available Online
|